Portugal (Registo nº 1141)

Detalhes MARC
000 -Etiqueta do registo
Cabeçalho 00698nam0a2200253 i 4500
005 - Identificador da versão
Campo de controlo 20240813121826.0
021 ## - Número do Depósito Legal
Código do país PT
Número 20 183/88
100 ## - Dados gerais de processamento
Dados gerais de processamento 20100712d1988 m y0pory5003 ba
102 ## - Pais de publicação ou produção
País de publicação Portugal
101 1# - Língua de publicação
Língua do texto, banda sonora, etc. Português
Língua do documento no original Português
106 ## - Campo de dados codificados: material textual
Dados codificados do material textual r
105 ## - Campo de dados codificados: livros
Dados codificados dos livros a z 001yy
215 ## - Descrição física 
Indicação específica da natureza do documento e extensão da espécie 106 p.
Outras indicações físicas il.
200 1# - Titulo e menção de responsabilidade
Título próprio Portugal
Informação de outro título Pioneiro do diálogo Norte/Sul
Primeira menção de responsabilidade Luís Filipe Barreto
210 ## - Publicação, Distribuição, etc. 
Lugar da edição, distribuição, etc. Lisboa
Nome do editor, distribuidor, etc. Imprensa Nacional - Casa da Moeda
Data da publicação, distribuição, etc. 1988
300 ## - Notas gerais 
Texto da nota edição bilingue em português e inglês
304 ## - Notas relativas a título e menção de responsabilidade 
Texto da nota Tít. orig.:
675 ## - Classificação Decimal Universal (CDU)
Notação 94(469)"15"
Edição BN
Língua da edição por
700 #1 - Nome de autor-pessoa física (responsabilidade principal)
Número de registo de entrada de autoridade 0001562
Palavra de ordem Barreto
Outra parte do nome não tomada para palavra de ordem Luís Filipe
942 ## - Elementos de entrada adicionados (Koha)
Tipo de item no Koha Livro
Exemplares
Situação do levantamento Origin of item (home branch) (coded) Biblioteca de empréstimo Código de barras Cota Circulation type (not for loan) Tipo de documento Nota do exemplar Damaged status
  Biblioteca Escolar Eng. Nuno Mergulhão Biblioteca Escolar Eng. Nuno Mergulhão BENM989 9PT BAR   Livro Sem mensagem  
  Biblioteca Escolar Eng. Nuno Mergulhão Biblioteca Escolar Eng. Nuno Mergulhão BENM990 9PT BAR   Livro Sem mensagem  
  Biblioteca Escolar Eng. Nuno Mergulhão Biblioteca Escolar Eng. Nuno Mergulhão BENM991 9PT BAR   Livro Sem mensagem  
  Biblioteca Escolar Eng. Nuno Mergulhão Biblioteca Escolar Eng. Nuno Mergulhão BENM992 9PT BAR   Livro Sem mensagem  
  Biblioteca Escolar Eng. Nuno Mergulhão Biblioteca Escolar Eng. Nuno Mergulhão BENM993 9PT BAR   Livro Sem mensagem  
  Biblioteca Escolar Eng. Nuno Mergulhão Biblioteca Escolar Eng. Nuno Mergulhão BENM2078 9PT BAR   Livro Sem mensagem  
  Biblioteca Escolar Eng. Nuno Mergulhão Biblioteca Escolar Eng. Nuno Mergulhão BENM2079 9PT BAR   Livro Sem mensagem